000 00166nam a22000857a 4500
020 _a0-431-11289-4
082 _a001
_bOXL/I
245 _aTELEVISION
_bIN TOUCH
942 _cBK
999 _c6361
_d6361